1 Fußballer aus 9 (Flügelspieler) - Statistiken

Allgemein
  • Dieses Quiz wurde 487 mal gespielt
  • Das Durchschnittsergebnis liegt bei 73 aus 81
Antwortstatistiken
Frage Kachel Select % Korrekt
der erfolgreichste ägyptischer Spieler Liverpools ist. Nein
99%
der erfolgreichste ägyptischer Spieler Liverpools ist. Nein
99%
der erfolgreichste ägyptischer Spieler Liverpools ist. Nein
99%
der erfolgreichste ägyptischer Spieler Liverpools ist. Nein
99%
der erfolgreichste ägyptischer Spieler Liverpools ist. Nein
99%
der erfolgreichste ägyptischer Spieler Liverpools ist. Nein
99%
der erfolgreichste ägyptischer Spieler Liverpools ist. Nein
99%
der erfolgreichste ägyptischer Spieler Liverpools ist. Nein
99%
der erfolgreichste ägyptischer Spieler Liverpools ist. Ja
98%
bis er 21 wurde nur in Georgien und Russland gespielt hat. Nein
96%
bis er 21 wurde nur in Georgien und Russland gespielt hat. Nein
96%
bis er 21 wurde nur in Georgien und Russland gespielt hat. Nein
96%
bis er 21 wurde nur in Georgien und Russland gespielt hat. Nein
96%
bis er 21 wurde nur in Georgien und Russland gespielt hat. Nein
96%
sich im Viertelfinale der WM 2014 gegen Kolumbien verletzte. Nein
96%
den Ballon d‘or 2005 gewann. Nein
96%
für 45 Millionen Euro von Flamengo nach Real Madrid wechselte. Nein
96%
für 45 Millionen Euro von Flamengo nach Real Madrid wechselte. Nein
96%
2001 gegen Valencia einen traumhaften Dreierpack erzielte. Nein
95%
durchschnittlich in jedem 2 La Liga Spiel eine Torbeteiligung lieferte (0.512 / 172 aus 336 Spielen). Nein
95%
bis er 21 wurde nur in Georgien und Russland gespielt hat. Nein
95%
sich im Viertelfinale der WM 2014 gegen Kolumbien verletzte. Nein
95%
sich im Viertelfinale der WM 2014 gegen Kolumbien verletzte. Nein
95%
sich im Viertelfinale der WM 2014 gegen Kolumbien verletzte. Nein
95%
sich im Viertelfinale der WM 2014 gegen Kolumbien verletzte. Nein
95%
sich im Viertelfinale der WM 2014 gegen Kolumbien verletzte. Nein
95%
den Ballon d‘or 2005 gewann. Nein
95%
den Ballon d‘or 2005 gewann. Nein
95%
den Ballon d‘or 2005 gewann. Nein
95%
den Ballon d‘or 2005 gewann. Nein
95%
für 45 Millionen Euro von Flamengo nach Real Madrid wechselte. Nein
95%
für 45 Millionen Euro von Flamengo nach Real Madrid wechselte. Nein
95%
für 45 Millionen Euro von Flamengo nach Real Madrid wechselte. Nein
95%
für 45 Millionen Euro von Flamengo nach Real Madrid wechselte. Nein
95%
nie für eine Ablösesumme wechselte. Nein
95%
nie für eine Ablösesumme wechselte. Nein
95%
im Champions League Finale 12/13 das Siegtor erzielte. Nein
95%
im Champions League Finale 12/13 das Siegtor erzielte. Nein
95%
im Champions League Finale 12/13 das Siegtor erzielte. Nein
95%
im Champions League Finale 12/13 das Siegtor erzielte. Nein
95%
2001 gegen Valencia einen traumhaften Dreierpack erzielte. Nein
94%
2001 gegen Valencia einen traumhaften Dreierpack erzielte. Nein
94%
2001 gegen Valencia einen traumhaften Dreierpack erzielte. Nein
94%
durchschnittlich in jedem 2 La Liga Spiel eine Torbeteiligung lieferte (0.512 / 172 aus 336 Spielen). Nein
94%
durchschnittlich in jedem 2 La Liga Spiel eine Torbeteiligung lieferte (0.512 / 172 aus 336 Spielen). Nein
94%
bis er 21 wurde nur in Georgien und Russland gespielt hat. Nein
94%
sich im Viertelfinale der WM 2014 gegen Kolumbien verletzte. Nein
94%
für 45 Millionen Euro von Flamengo nach Real Madrid wechselte. Nein
94%
nie für eine Ablösesumme wechselte. Nein
94%
nie für eine Ablösesumme wechselte. Nein
94%
im Champions League Finale 12/13 das Siegtor erzielte. Nein
94%
im Champions League Finale 12/13 das Siegtor erzielte. Nein
94%
im Champions League Finale 12/13 das Siegtor erzielte. Nein
94%
2001 gegen Valencia einen traumhaften Dreierpack erzielte. Nein
93%
bis er 21 wurde nur in Georgien und Russland gespielt hat. Nein
93%
sich im Viertelfinale der WM 2014 gegen Kolumbien verletzte. Nein
93%
nie für eine Ablösesumme wechselte. Nein
93%
im Champions League Finale 12/13 das Siegtor erzielte. Nein
93%
für 45 Millionen Euro von Flamengo nach Real Madrid wechselte. Nein
92%
2001 gegen Valencia einen traumhaften Dreierpack erzielte. Nein
91%
durchschnittlich in jedem 2 La Liga Spiel eine Torbeteiligung lieferte (0.512 / 172 aus 336 Spielen). Nein
91%
bis er 21 wurde nur in Georgien und Russland gespielt hat. Ja
91%
den Ballon d‘or 2005 gewann. Nein
90%
durchschnittlich in jedem 2 La Liga Spiel eine Torbeteiligung lieferte (0.512 / 172 aus 336 Spielen). Nein
89%
sich im Viertelfinale der WM 2014 gegen Kolumbien verletzte. Ja
88%
im Champions League Finale 12/13 das Siegtor erzielte. Ja
88%
für 45 Millionen Euro von Flamengo nach Real Madrid wechselte. Ja
86%
nie für eine Ablösesumme wechselte. Nein
86%
den Ballon d‘or 2005 gewann. Nein
84%
nie für eine Ablösesumme wechselte. Nein
84%
nie für eine Ablösesumme wechselte. Nein
83%
durchschnittlich in jedem 2 La Liga Spiel eine Torbeteiligung lieferte (0.512 / 172 aus 336 Spielen). Nein
81%
durchschnittlich in jedem 2 La Liga Spiel eine Torbeteiligung lieferte (0.512 / 172 aus 336 Spielen). Nein
80%
den Ballon d‘or 2005 gewann. Nein
78%
2001 gegen Valencia einen traumhaften Dreierpack erzielte. Nein
71%
2001 gegen Valencia einen traumhaften Dreierpack erzielte. Nein
70%
den Ballon d‘or 2005 gewann. Ja
60%
durchschnittlich in jedem 2 La Liga Spiel eine Torbeteiligung lieferte (0.512 / 172 aus 336 Spielen). Nein
59%
nie für eine Ablösesumme wechselte. Ja
59%
2001 gegen Valencia einen traumhaften Dreierpack erzielte. Ja
40%
durchschnittlich in jedem 2 La Liga Spiel eine Torbeteiligung lieferte (0.512 / 172 aus 336 Spielen). Ja
22%
Keine übereinstimmenden Quizze gefunden
Verteilung der Resultate
Anzahl Personen mit jedem Resultat
Perzentil nach korrekt beantworteten Fragen
Ihre Resultats-Entwicklung
Sie haben dieses Quiz noch nicht gespielt